000 00925nam0a22002531 4500
001 rc\2724235
005 20110915164359.2
035 _a(NLR Aleph) 006851789
090 _a6754781
_c6754781
100 _a20110915d1938 |||y0rusy50 ca
101 0 _arus
102 _aRU
105 _aa z |||||
200 1 _aБаллонные материи жесткого дирижабля
_fС. А. Рейтлингер, Е. П. Летина
210 _aМосква
_aЛенинград
_cОНТИ, Глав. ред. авиац. лит-ры
_d1938
_eЛенинград
_g3 тип. ОНТИ
215 _a74 с.
_cил.
_d20 см.
320 _a"Указатель лит-ры" (стр. 73-74)
700 1 _aРейтлингер
_bС. А.
_gСергей Александрович
701 1 _aЛетина
_bЕ. П.
801 0 _aRU
_bNLR
_gpsbo
801 1 _aRU
_bELAR
_2rusmarc
852 _aNLR
_j38-10/164
942 _cBOOK
980 _aNB